An identity crisis at the Registry (Record no. 82537)
[ view plain ]
| 000 -LEADER | |
|---|---|
| fixed length control field | 00974cab a22001935a 4500 |
| 001 - CONTROL NUMBER | |
| control field | L150508 |
| 008 - FIXED-LENGTH DATA ELEMENTS--GENERAL INFORMATION | |
| fixed length control field | 100721e20100515xxk 000 0 eng d |
| 035 ## - SYSTEM CONTROL NUMBER | |
| System control number | (Sirsi) u150508 |
| 041 0# - LANGUAGE CODE | |
| Language code of text/sound track or separate title | eng |
| 100 1# - MAIN ENTRY--PERSONAL NAME | |
| Personal name | Clark, Paul |
| 245 03 - TITLE STATEMENT | |
| Title | An identity crisis at the Registry |
| 260 ## - PUBLICATION, DISTRIBUTION, ETC. | |
| Date of publication, distribution, etc. | 2010 |
| 490 ## - SERIES STATEMENT | |
| Series statement | Estates Gazette |
| Volume/sequential designation | (1019) 15 May 2010, 105(1) |
| 520 ## - SUMMARY, ETC. | |
| Summary, etc. | Abolition of land certificates in 2003 and the consequences for conveyancers. Notes that in a five year period there has been a tenfold increase in the number of claims to the Land Registry's indemnity fund as a result of fraud. Argues that the Land Registry has dismissed two obvious solutions to the problem including the closing of the register to public view; in Scotland where searches of registers can only be done by professionals the incidence of fraud is much lower. |
| 590 ## - LOCAL NOTE (RLIN) | |
| Local note | KA |
| 651 #4 - SUBJECT ADDED ENTRY--GEOGRAPHIC NAME | |
| Geographic name | United Kingdom |
| Chronological subdivision | |
| 690 ## - LOCAL SUBJECT ADDED ENTRY--TOPICAL TERM (OCLC, RLIN) | |
| Topical term or geographic name as entry element | PROPERTY-PROPERTY ACQUISITION AND DISPOSAL-CONVEYANCING |
| 942 ## - ADDED ENTRY ELEMENTS (KOHA) | |
| Suppress in OPAC | 0 |
| Withdrawn status | Lost status | Source of classification or shelving scheme | Damaged status | Not for loan | Home library | Current library | Shelving location | Date acquired | Total Checkouts | Full call number | Barcode | Date last seen | Copy number | Price effective from | Koha item type |
|---|---|---|---|---|---|---|---|---|---|---|---|---|---|---|---|
| Dewey Decimal Classification | London | London | Journal article | 21/07/2010 | L150508 | 150508-1001 | 06/08/2019 | 1 | 06/08/2019 | Journal article |